000
00263nam a2200109Ia 4500
008
240625s9999 xx 000 0 und d
041
_a
eng
082
_a
808.20 SAR
100
_a
SARDANA NIPUN
245
_a
INTRODUCTION OF A CONCEPT INTO DIFFERENT
260
_c
2013
999
_c
36964
_d
36964